<?xml version="1.0" encoding="UTF-8"?>
<record
    xmlns:xsi="http://www.w3.org/2001/XMLSchema-instance"
    xsi:schemaLocation="http://www.loc.gov/MARC21/slim http://www.loc.gov/standards/marcxml/schema/MARC21slim.xsd"
    xmlns="http://www.loc.gov/MARC21/slim">

  <leader>02633cam a22004694i 4500</leader>
  <controlfield tag="003">PE-LiUPU</controlfield>
  <controlfield tag="005">20250731165408.0</controlfield>
  <controlfield tag="008">151016s2014    pe a   grm    000 0 spa d</controlfield>
  <datafield tag="035" ind1=" " ind2=" ">
    <subfield code="a">(Sirsi) a154902</subfield>
  </datafield>
  <datafield tag="040" ind1=" " ind2=" ">
    <subfield code="a">PE-LiUPU</subfield>
    <subfield code="b">spa</subfield>
    <subfield code="c">PE-LiUPU</subfield>
    <subfield code="e">rda</subfield>
  </datafield>
  <datafield tag="082" ind1="0" ind2="4">
    <subfield code="a">658.4012</subfield>
    <subfield code="b">C88 T3</subfield>
  </datafield>
  <datafield tag="099" ind1=" " ind2=" ">
    <subfield code="a">TA 3</subfield>
    <subfield code="b">C88 2014</subfield>
  </datafield>
  <datafield tag="100" ind1="1" ind2=" ">
    <subfield code="a">Cruz Jara, Jorge Enrique</subfield>
    <subfield code="e">autor</subfield>
  </datafield>
  <datafield tag="245" ind1="1" ind2=" ">
    <subfield code="a">Plan estrat&#xE9;gico basado en stock m&#xED;nimo para el aseguramiento de la producci&#xF3;n de granola en la empresa alimentos Cade en el 2013 /</subfield>
    <subfield code="c">Jorge Enrique Cruz Jara.</subfield>
  </datafield>
  <datafield tag="264" ind1=" " ind2="0">
    <subfield code="c">2014.</subfield>
  </datafield>
  <datafield tag="300" ind1=" " ind2=" ">
    <subfield code="a">78 hojas : </subfield>
    <subfield code="b">ilustraciones;</subfield>
    <subfield code="c">30 cm</subfield>
  </datafield>
  <datafield tag="336" ind1=" " ind2=" ">
    <subfield code="a">text</subfield>
    <subfield code="2">rdacontent</subfield>
  </datafield>
  <datafield tag="337" ind1=" " ind2=" ">
    <subfield code="a">unmediated</subfield>
    <subfield code="2">rdamedia</subfield>
  </datafield>
  <datafield tag="338" ind1=" " ind2=" ">
    <subfield code="a">volume</subfield>
    <subfield code="2">rdacarrier</subfield>
  </datafield>
  <datafield tag="502" ind1=" " ind2=" ">
    <subfield code="a">Tesis</subfield>
    <subfield code="b">(Mg.) -- </subfield>
    <subfield code="c">Universidad Peruana Uni&#xF3;n,</subfield>
    <subfield code="d">2014.</subfield>
  </datafield>
  <datafield tag="504" ind1=" " ind2=" ">
    <subfield code="a">Incluye referencias</subfield>
  </datafield>
  <datafield tag="520" ind1="3" ind2=" ">
    <subfield code="a">El a&#xF1;o pasado, la empresa Alimentos CADE ha perdido ventas (se estima un monto de 62.000 usd, anexo ventas no realizadas), por no atender los pedidos de los clientes, ahora con un mayor crecimiento (1.664.583 usd en ventas que corresponde a un aumento de 35% respecto al a&#xF1;o 2012. Informaci&#xF3;n del Estado de Resultados a&#xF1;o 2013) es necesario organizar bien toda el &#xE1;rea de producci&#xF3;n para cumplir fielmente con los clientes y poder captar nuevas ventas. De ah&#xED; la necesidad de tener un stock m&#xED;nimo en inventario, para atender a tiempo los pedidos de los clientes, ya que existen momentos cuando la demanda se dispara y la empresa debe poseer un stock los productos suficientes para cubrir esos pedidos. Por eso es importante conocer: &#xBF;Cu&#xE1;l es la eficacia del plan estrat&#xE9;gico basado en stock m&#xED;nimo en el aseguramiento de la producci&#xF3;n en la empresa Alimentos CADE en el 2013? La muestra para este estudio es NO probabil&#xED;stica, de tipo intencional. En la cual el investigador determina la poblaci&#xF3;n de los sujetos con quienes se ha de realizar el trabajo de investigaci&#xF3;n, la poblaci&#xF3;n queda constituida por 8 trabajadores de la Planta de Alimentos CADE.</subfield>
  </datafield>
  <datafield tag="526" ind1=" " ind2=" ">
    <subfield code="a">SEG44</subfield>
  </datafield>
  <datafield tag="526" ind1=" " ind2=" ">
    <subfield code="a">SEG26</subfield>
  </datafield>
  <datafield tag="526" ind1=" " ind2=" ">
    <subfield code="a">P151</subfield>
  </datafield>
  <datafield tag="526" ind1=" " ind2=" ">
    <subfield code="a">P150</subfield>
  </datafield>
  <datafield tag="526" ind1=" " ind2=" ">
    <subfield code="a">P149</subfield>
  </datafield>
  <datafield tag="526" ind1=" " ind2=" ">
    <subfield code="a">P146</subfield>
  </datafield>
  <datafield tag="526" ind1=" " ind2=" ">
    <subfield code="a">P145</subfield>
  </datafield>
  <datafield tag="526" ind1=" " ind2=" ">
    <subfield code="a">P126</subfield>
  </datafield>
  <datafield tag="526" ind1=" " ind2=" ">
    <subfield code="a">P125</subfield>
  </datafield>
  <datafield tag="526" ind1=" " ind2=" ">
    <subfield code="a">P92</subfield>
  </datafield>
  <datafield tag="526" ind1=" " ind2=" ">
    <subfield code="a">P75</subfield>
  </datafield>
  <datafield tag="526" ind1=" " ind2=" ">
    <subfield code="a">P74</subfield>
  </datafield>
  <datafield tag="526" ind1=" " ind2=" ">
    <subfield code="a">P27</subfield>
  </datafield>
  <datafield tag="526" ind1=" " ind2=" ">
    <subfield code="a">P15</subfield>
  </datafield>
  <datafield tag="650" ind1="0" ind2="4">
    <subfield code="a">Planificaci&#xF3;n estrat&#xE9;gica</subfield>
    <subfield code="x">Producci&#xF3;n</subfield>
    <subfield code="v">Tesis.</subfield>
  </datafield>
  <datafield tag="610" ind1="2" ind2=" ">
    <subfield code="a">Empresa de Alimentos CADE</subfield>
    <subfield code="v">Planificaci&#xF3;n estrat&#xE9;gica</subfield>
    <subfield code="v">Tesis.</subfield>
  </datafield>
  <datafield tag="596" ind1=" " ind2=" ">
    <subfield code="a">1</subfield>
  </datafield>
  <datafield tag="942" ind1=" " ind2=" ">
    <subfield code="2">ddc</subfield>
    <subfield code="c">TESIS</subfield>
  </datafield>
  <datafield tag="999" ind1=" " ind2=" ">
    <subfield code="a">TA 3 C88 2014</subfield>
    <subfield code="w">ALPHANUM</subfield>
    <subfield code="c">7596</subfield>
    <subfield code="i">T01775</subfield>
    <subfield code="l">CCODEBUL3</subfield>
    <subfield code="m">BUL</subfield>
    <subfield code="r">1</subfield>
    <subfield code="s">Y</subfield>
    <subfield code="t">TESIS</subfield>
    <subfield code="u">2015-10-16</subfield>
    <subfield code="x">POSGRADO</subfield>
    <subfield code="z">MAADMNEG</subfield>
    <subfield code="d">7596</subfield>
  </datafield>
  <datafield tag="980" ind1=" " ind2=" ">
    <subfield code="8">1</subfield>
    <subfield code="g">ALBERTO SANCHEZ Responsable de Automatizaci&#xF3;n</subfield>
  </datafield>
  <datafield tag="952" ind1=" " ind2=" ">
    <subfield code="r">2022-07-06 00:00:00</subfield>
    <subfield code="l">0</subfield>
    <subfield code="o">TA 3 C88 2014</subfield>
    <subfield code="p">T01775</subfield>
    <subfield code="t">e1</subfield>
    <subfield code="w">2015-10-16</subfield>
    <subfield code="y">TESIS</subfield>
    <subfield code="z">Este &#xCD;tem NO se presta por ser Ejemplar #1.</subfield>
    <subfield code="1">0</subfield>
    <subfield code="2">ddc</subfield>
    <subfield code="7">1</subfield>
    <subfield code="8">TESIS</subfield>
    <subfield code="a">BUL</subfield>
    <subfield code="b">BUL</subfield>
    <subfield code="c">TESIS</subfield>
    <subfield code="d">2015-10-16</subfield>
  </datafield>
</record>
